000 00289nam a2200109Ia 4500
008 160531s9999 xx 000 0 und d
100 _aRaffelt, Georg.
245 _aNeutrinos and the Stars
245 _cby Georg Raffelt
260 _c2012
856 _uhttp://arxiv.org/pdf/1201.1637v2.pdf
999 _c295181
_d295181